| 000 | 00409nam a2200169Ia 4500 | ||
|---|---|---|---|
| 003 | GCL | ||
| 008 | 140319s9999 xx 000 0 eng d | ||
| 040 |
_aGCL / _cGCL |
||
| 082 | 0 | 4 |
_aCC _b932 _bI D |
| 245 | 1 | 0 | _aDESCRIPTION DE L'EGYPTE |
| 260 |
_a[S.N] : _bINSTITUT D'ORIENT ، _c1990 |
||
| 650 | 0 | 4 | _aANCIENT EGYPT |
| 650 | 0 | 4 | _aART- EGYPT |
| 650 | 0 | 4 | _aEGYPTOLOGY |
| 650 | 0 | 4 | _aPLANCHES |
| 942 |
_2ddc _cBK |
||
| 999 |
_c17191 _d17191 |
||